000 00647nam a2200169Ia 4500
008 100122s9999 xx 000 0 und d
082 _b70481
_a823
100 _aब्राऊन डॅन
245 _aद दा विंची कोड अनु - अजित ठाकूर
250 _a2
260 _bमेहता पब्लिशिंग हाऊस
_c2006
300 _a446
630 _aद दा विंची कोड अनु - अजित ठाकूर
700 _aठाकूर अजित
730 _aद दा विंची कोड अनु - अजित ठाकूर
942 _cBOOK
999 _c441438
_d441435